000 00604nam a2200205 u 4500
005 20240924071252.0
008 111017s2004 r 000 0 eng d
020 _a8495722569
035 _aUPN01000182219
049 _aI
050 4 _aPZ74
_bG7.2
100 1 _aGregori, Josep
245 1 3 _aLa bruja alocada /
_cJosep Gregori ; il. de Avi.
260 _aAlzira, Esp. :
_bAlgar,
_c2004.
300 _a23 p. :
_bil. col.
440 0 _aLetra mágica ;
_v15.
_pEn manuscrita y en mayúscula
650 4 _aLiteratura infantil
_94445
650 4 _aBRUJAS -
_vLITERATURA INFANTIL
_94409
905 _aInfantil
999 _c154322
_d154322